Aktivita obchodníkov sa na hodnotách indexov neprejavila Príloha Hospodárskych novín

Vývoj cien akcií na slovenskom kapitálovom trhu v posledných mesiacoch. Bankové akcie. Akcie spoločností chemického, papierenského a drevospracujúceho priemyslu. Obchodovanie s akciami strojárskych, hutníckych a stavebníckych spoločností. Akcie investičných fondov. Obchody s dlhopismi.

Enregistré dans:
Détails bibliographiques
Auteur principal: Legéň, A.
Format: Chapitre de livre
Langue:slovaque
Sujets:
Tags: Ajouter un tag
Pas de tags, Soyez le premier à ajouter un tag!

MARC

LEADER 00000naa a2200000 4500
001 r022140
005 20230801110132.7
041 0 |a slo 
044 |a SK 
245 1 0 |a Aktivita obchodníkov sa na hodnotách indexov neprejavila  |b Príloha Hospodárskych novín  |c A. Legéň 
520 |a Vývoj cien akcií na slovenskom kapitálovom trhu v posledných mesiacoch. Bankové akcie. Akcie spoločností chemického, papierenského a drevospracujúceho priemyslu. Obchodovanie s akciami strojárskych, hutníckych a stavebníckych spoločností. Akcie investičných fondov. Obchody s dlhopismi. 
610 2 0 |a Slovensko 
610 2 0 |a 1996 
610 2 0 |a trh kapitálový 
610 2 0 |a akcie 
610 2 0 |a indexy burzové 
100 1 |a Legéň, A.